Econo-property monthly review. - March -December 2000 (Record no. 100499)

MARC details
000 -LEADER
fixed length control field 00675cam a2200277 4500
001 - CONTROL NUMBER
control field J61257
008 - FIXED-LENGTH DATA ELEMENTS--GENERAL INFORMATION
fixed length control field 000000n2000 000 0 eng u
035 ## - SYSTEM CONTROL NUMBER
System control number (Sirsi) u105922
041 ## - LANGUAGE CODE
Language code of text/sound track or separate title eng
050 ## - LIBRARY OF CONGRESS CALL NUMBER
Classification number 330.941
110 ## - MAIN ENTRY--CORPORATE NAME
Corporate name or jurisdiction name as entry element CB Hillier Parker
9 (RLIN) 3660
245 ## - TITLE STATEMENT
Title Econo-property monthly review. - March -December 2000
260 ## - PUBLICATION, DISTRIBUTION, ETC.
Place of publication, distribution, etc. London
Name of publisher, distributor, etc. CB Hillier Parker
Date of publication, distribution, etc. 2000
300 ## - PHYSICAL DESCRIPTION
Extent 6 pt. ; 30cm.
350 ## - PRICE (NR) (BK AM CF MU VM SE) [OBSOLETE]
Price 0
650 ## - SUBJECT ADDED ENTRY--TOPICAL TERM
Topical term or geographic name entry element BALANCE OF PAYMENTS
650 ## - SUBJECT ADDED ENTRY--TOPICAL TERM
Topical term or geographic name entry element ECONOMY
650 ## - SUBJECT ADDED ENTRY--TOPICAL TERM
Topical term or geographic name entry element GDP
650 ## - SUBJECT ADDED ENTRY--TOPICAL TERM
Topical term or geographic name entry element GILTS
650 ## - SUBJECT ADDED ENTRY--TOPICAL TERM
Topical term or geographic name entry element INFLATION
650 ## - SUBJECT ADDED ENTRY--TOPICAL TERM
Topical term or geographic name entry element PRODUCER PRICES
650 ## - SUBJECT ADDED ENTRY--TOPICAL TERM
Topical term or geographic name entry element PSBR
650 ## - SUBJECT ADDED ENTRY--TOPICAL TERM
Topical term or geographic name entry element RETAIL SALES
690 ## - LOCAL SUBJECT ADDED ENTRY--TOPICAL TERM (OCLC, RLIN)
Topical term or geographic name as entry element ECONOMIC AND SOCIAL
942 ## - ADDED ENTRY ELEMENTS (KOHA)
Suppress in OPAC 0
Holdings
Withdrawn status Lost status Source of classification or shelving scheme Damaged status Not for loan Home library Current library Shelving location Date acquired Total Checkouts Full call number Barcode Date last seen Date last checked out Copy number Price effective from Koha item type
    Dewey Decimal Classification     London London Property market reports 10/05/2000 1 PROPERTY MARKET REPORTS 30061257 06/08/2019 15/11/2000 1 06/08/2019 Book
    Dewey Decimal Classification     London London Property market reports 10/05/2000 1 PROPERTY MARKET REPORTS 30061258 06/08/2019 15/11/2000 2 06/08/2019 Book
    Dewey Decimal Classification     London London Property market reports 22/06/2000 1 PROPERTY MARKET REPORTS 30061473 06/08/2019 15/11/2000 3 06/08/2019 Book
    Dewey Decimal Classification     London London Property market reports 12/07/2000 1 PROPERTY MARKET REPORTS 30061525 06/08/2019 15/11/2000 4 06/08/2019 Book
    Dewey Decimal Classification     London London Property market reports 10/10/2000 1 PROPERTY MARKET REPORTS 30062361 06/08/2019 15/11/2000 5 06/08/2019 Book
    Dewey Decimal Classification     London London Property market reports 15/02/2001   PROPERTY MARKET REPORTS 30063594 06/08/2019   6 06/08/2019 Book